Contributions to the anthropology of the Faiyum, Sinai, Sudan, Kenya (Record no. 839)
[ view plain ]
| 000 -LEADER | |
|---|---|
| fixed length control field | 00772nam a22002297a 4500 |
| 001 - CONTROL NUMBER | |
| control field | 2433863 |
| 003 - CONTROL NUMBER IDENTIFIER | |
| control field | OSt |
| 005 - DATE AND TIME OF LATEST TRANSACTION | |
| control field | 20230608101835.0 |
| 007 - PHYSICAL DESCRIPTION FIXED FIELD--GENERAL INFORMATION | |
| fixed length control field | heubmb---baca |
| 008 - FIXED-LENGTH DATA ELEMENTS--GENERAL INFORMATION | |
| fixed length control field | 870923r19841952flu b 000 0 eng |
| 010 ## - LIBRARY OF CONGRESS CONTROL NUMBER | |
| LC control number | 87890381 |
| 040 ## - CATALOGING SOURCE | |
| Original cataloging agency | DLC |
| Transcribing agency | DLC |
| Modifying agency | DLC |
| 082 ## - DEWEY DECIMAL CLASSIFICATION NUMBER | |
| Classification number | 572.9 |
| Item number | FIE |
| 100 1# - MAIN ENTRY--PERSONAL NAME | |
| Personal name | Field, Henry, |
| Dates associated with a name | 1902- |
| 245 10 - TITLE STATEMENT | |
| Title | Contributions to the anthropology of the Faiyum, Sinai, Sudan, Kenya |
| Medium | [microform] / |
| Statement of responsibility, etc. | by Henry Field. |
| 260 ## - PUBLICATION, DISTRIBUTION, ETC. (IMPRINT) | |
| Place of publication, distribution, etc. | Berkeley : |
| Name of publisher, distributor, etc. | University of California Press, |
| Date of publication, distribution, etc. | 1952. |
| 300 ## - PHYSICAL DESCRIPTION | |
| Extent | 352 leaves ; |
| Dimensions | 23 cm. |
| 500 ## - GENERAL NOTE | |
| General note | Typescript. |
| 533 ## - REPRODUCTION NOTE | |
| Type of reproduction | Microfiche. |
| Place of reproduction | Coral Gables, Fla. : |
| Agency responsible for reproduction | R & R Microfilm Services, |
| Date of reproduction | 1984? |
| Physical description of reproduction | 6 microfiches : negative ; 11 x 15 cm. |
| 906 ## - LOCAL DATA ELEMENT F, LDF (RLIN) | |
| a | 7 |
| b | cbc |
| c | orignew |
| d | u |
| e | ncip |
| f | 19 |
| g | y-genmicro |
| 942 ## - ADDED ENTRY ELEMENTS (KOHA) | |
| Source of classification or shelving scheme | Dewey Decimal Classification |
| Koha item type | Books |
| Withdrawn status | Lost status | Source of classification or shelving scheme | Damaged status | Not for loan | Home library | Current library | Date acquired | Total Checkouts | Full call number | Barcode | Date last seen | Price effective from | Koha item type |
|---|---|---|---|---|---|---|---|---|---|---|---|---|---|
| Dewey Decimal Classification | Bunge Tower Library | Bunge Tower Library | 06/08/2023 | 572.9 FIE | 10000642 | 06/08/2023 | 06/08/2023 | Books |
